HISTORIA DEL COMUNISMO : AVENTURA Y OCASO DEL GRAN MITO DEL SIGLO XX /

Guardado en:
Bibliografiske detaljer
Andre forfattere: Esteban, J. (autor) (autor)
Format: Bog
Fag:
Tags: Tilføj Tag
Ingen Tags, Vær først til at tagge denne postø!

MARC

LEADER 00000nam^a2200000^a^4500
001 000243805
005 20250521000000.0
009 20260310105353.231
035 |a 067138 
037 |a Acervo Xavier Clavigero 
082 |a 335. 43  |b HIS 
245 1 0 |a HISTORIA DEL COMUNISMO :  |b AVENTURA Y OCASO DEL GRAN MITO DEL SIGLO XX /  |c J. ESTEBAN ... [ ET AL.] 
264 |a S/L :  |b EL MUNDO 
300 |a 2 V. :  |b retrs. 
336 |a texto  |b txt  |2 rdacontenido 
337 |a sin mediación  |b n  |2 rdamedio 
338 |a volumen  |b nc  |2 rdasoporte 
649 |a XX 
650 |a Comunismo -  |x Historia 
700 |a Esteban, J.  |e (autor) 
910 |a Fondo General 
920 |a Impresos - Libros 
930 |a Colección General 
905 |a 101 
901 |a 067138  |b IT1  |c ACC  |i 067138  |u 20250521 
901 |a 067137  |b IT1  |c ACC  |i 067137  |u 20250521 
902 |a https://opac.biblio.iteso.mx/vufind/Record/000243805